000 00878nas a2200277 4500
001 BR0808091
003 BR-BrBNA
005 20231205112811.0
007 ta
008 230509b bl.|||p| |||| 00| 00por d
040 _aBR-BrBNA
_bpor
_cBiblioteca Nacional de Agricultura
041 _a(Pt)
072 _aL40
100 1 _aTocantins Neto, A.A.
100 1 _aFerreira, N.
100 1 _aNigliano, M.
100 1 _aSouza, W.M. de
245 1 _aDivisão e distribuição dos nervos frênicos no diafragma de búfalo (Bubalus bubalis)Linnaeus, 1758 da raça Murrah
650 _aBUFALO
650 _aANATOMIA ANIMAL
650 _aVERNO
650 _aDIAFRAGMA
773 0 _tBrazilian Journal of Veterinary Research and Animal Science (Brazil)
_xISSN 1413-9596
_g(1994), v. 31(1) p. 1-7
_wBR0808091
909 _a202311
_bLúcia
_c55
_dLúcia Elande
942 _2AGRIS
_n0
_cANA
999 _c200064
_d200064